MARC

LEADER 00000nas a2200000 a 4500
001 ssj0012359
003 WaSeSS
005 20200512172242.0
006 m d
007 cr n
008 990805d19992003ilubr pss 0 0eng c
010 |a  2009247646 
022 |y 1527-3547 
035 |a (WaSeSS)ssj0012359 
040 |a AAA  |b eng  |c AAA  |d OCL  |d OCLCQ  |d SBH  |d OCLCQ  |d BUF  |d OCLCQ  |d OCLCE  |d OCLCQ  |d OCLCO  |d OCLCF  |d OCLCO  |d OCLCQ  |d OCLCO  |d OCLCQ  |d UAB  |d Z5A  |d OCLCO  |d LIP  |d OCLCO  |d OCLCA  |d UEJ  |d OCLCQ  |d WaSeSS 
042 |a pcc 
050 4 |a RA960  |b .H58 
060 4 |a W1  |b HE608RC 
130 0 |a Health Forum journal (Online) 
245 1 0 |a Health Forum journal  |h [electronic resource]. 
246 3 |a Journal of the Health Forum 
260 |a San Francisco :  |b Health Forum,  |c 1999-©2003. 
310 |a Quarterly,  |b 2003 
321 |a Bimonthly,  |b -2002 
362 1 |a Print began with vol. 42, no. 1 (Jan./Feb. 1999); ceased with v. 46, no. 3 (summer 2003). 
500 |a Published: Chicago, IL, Nov./Dec. 1999-2003. 
506 |a License restrictions may limit access. 
525 |a Has occasional supplements. 
538 |a Mode of access: World Wide Web. 
588 |a Description based on print version record. 
588 |a Latest issue consulted: V. 46, no. 3 (summer 2003) (EBSCOhost, viewed Apr. 9, 2009). 
650 0 |a Hospitals  |v Periodicals. 
650 0 |a Hospitals  |x Administration  |v Periodicals. 
650 0 |a Medical care  |v Periodicals. 
650 0 |a Medical economics  |v Periodicals. 
650 7 |a Hospitals.  |2 fast  |0 (OCoLC)fst00961166 
650 7 |a Hospitals  |x Administration.  |2 fast  |0 (OCoLC)fst00961176 
650 7 |a Medical care.  |2 fast  |0 (OCoLC)fst01013753 
650 7 |a Medical economics.  |2 fast  |0 (OCoLC)fst01014004 
650 1 2 |a Health Services Administration  |v Periodicals. 
650 2 2 |a Delivery of Health Care  |x economics  |v Periodicals. 
650 2 2 |a Delivery of Health Care  |x organization & administration  |v Periodicals. 
650 2 2 |a Hospital Administration  |v Periodicals. 
655 0 |a Electronic journals. 
710 2 |a Health Forum (Organization) 
776 0 8 |i Print version:  |t Health Forum journal  |x 1527-3547  |w (DLC)sn 99042526  |w (OCoLC)40650150 
780 0 0 |t Healthcare forum journal (Online)  |w (DLC) 2009247645  |w (OCoLC)42255766 
856 4 0 |z Full text available from Research Library: 01/01/1999 to 07/31/2003  |u https://search.proquest.com/publication/917